000 02082cam a22001934a 4500
005 20250605164342.0
008 250528s ||||||||||||||||||||||||d
035 _a23643
040 _aGR-AtMCL
_bgre
_dGR-AtMCL
_eAACR2
245 1 _aΜελέτη Βιωσιμότητας Ακτοπλοϊκής Γραμμής.
260 _c2014
300 _a48
520 _aΕισαγωγή, Περιγραφή Ακτοπλοϊκού Δικτύου και Εταιριών, Γεωγραφική Περιγραφή Νησου Χίου - Πληροφοριακά Στοιχειά, Γεωγραφική Περιγραφή Νήσου Λέσβου - Πληροφοριακά Στοιχεία, Αναφορά Λιμένων, Λιμάνι Χίου Μυτιλήνης, Ραφήνας, η Ακτοπλοϊα στη Χίο και στη Λέσβο, Ακτοπλοϊκή Κίνηση στα Λιμάνια της Χίου και της Μυτιλήνης, Πλοίο Αναφοράς, Περιορισμοί Λιμένων Χίου και Μυτιλήνης, Καθορισμός Ταχύτητας και Τύπου Πλοίου Αναφοράς, Προσδιορισμός Χαρακτηριστηκών, Κόστη και Δαπάνες του Πλοίου Αναφοράς, Αγορά Μεταχειρισμένου Πλοίου, Λειτουργικό Κόστος Πλοίου Αναφοράς, Κόστη Καυσιμών, Κόστος Μισθοδοσίας, Ασφάλεια, Κόστη Επισκευών, Ασφάλεια, Λιμενικά Κόστη, Αναλώσιμα Πλοίου, Διοικητικές Δαπάνες, Υπολογισμος Λειτουργικου Κοστους, η Αποδοση της Γραμμης Ραφηνα - Χιος - Μυτιληνη, Χρηματοοικονομικη Αναλυση, Τρόποι Χρηματοδότησης, Αστάθμητοι Παράγοντες, Συμπεράσματα.
700 1 _aΡωμά Αλίκη
_99238
700 1 _aΣερεμέλης Αλέξανδρος
942 _cDS
999 _c8640
_d8640